000
00280nam a22001217a 4500
020
_a
978-93-5275-077-1
082
_a
494
_b
DEN/M
100
_a
DENJONGPA, MARIA L
245
_a
MISS LEE AND THE MOSQUITTO
260
_a
HONGKONG
_b
SCHOLASTIC
650
_a
STORY
_z
HONGKONG
942
_c
BK
999
_c
4558
_d
4558